Issues And Trends In Nursing (Record no. 15614)

MARC details
000 -LEADER
fixed length control field 00493nam a22001577a 4500
008 - FIXED-LENGTH DATA ELEMENTS--GENERAL INFORMATION
fixed length control field 160209b xxu||||| |||| 00| 0 eng d
020 ## - INTERNATIONAL STANDARD BOOK NUMBER
International Standard Book Number 0763752255
100 ## - MAIN ENTRY--PERSONAL NAME
Personal name Roux Gayle
245 ## - TITLE STATEMENT
Title Issues And Trends In Nursing
Remainder of title Essentials Knowledge for Today and Tomorrow
Statement of responsibility, etc. Gayle Roux
260 ## - PUBLICATION, DISTRIBUTION, ETC. (IMPRINT)
Place of publication, distribution, etc. USA
Name of publisher, distributor, etc. Jones and Bartlett publishers
Date of publication, distribution, etc. 2009
300 ## - PHYSICAL DESCRIPTION
Extent xiv,607p.
Other physical details ill.
650 ## - SUBJECT ADDED ENTRY--TOPICAL TERM
Topical term or geographic name as entry element Nursing
650 ## - SUBJECT ADDED ENTRY--TOPICAL TERM
Topical term or geographic name as entry element Nursing care
700 ## - ADDED ENTRY--PERSONAL NAME
Personal name Judith A.Halstead
942 ## - ADDED ENTRY ELEMENTS (KOHA)
Source of classification or shelving scheme Library of Congress Classification
Koha item type General Collection
Classification part RT 4
Call number prefix .R68 2009 C.1
Holdings
Withdrawn status Lost status Source of classification or shelving scheme Not for loan Home library Current library Shelving location Date acquired Cost, normal purchase price Total Checkouts Full call number Barcode Date last seen Price effective from Koha item type
    Library of Congress Classification   Kabarak, Main Campus Kabarak, Main Campus General Stacks 09/02/2016 5752.50   RT 4 .R68 2009 C.1 017309 09/02/2016 09/02/2016 General Collection
Designed with assistance from East African Informatics Ltd